Railroad Characters Fallout 4 - Statistics

General Stats
  • This quiz has been taken 82 times
  • The average score is 6 of 10
Answer Stats
Hint Answer % Correct
Railroad Companion Deacon
100%
Leader of the Railroad Desdemona
91%
Runaway Synth with a Minigun Glory
81%
Merchant and Quartermaster Tinker Tom
79%
Courier and Communications officer Drummer Boy
70%
Doctor and second in comment Dr. Carrington
56%
Lives at Ticonderoga High Rise
42%
Tourist and informant on the highway of Lexington Ricky Dalton
18%
Makes sure that the runaway Synth transports safely Caretaker
9%
He is at the Randolph Safehouse Mister Tims
9%
No matching quizzes found
Score Distribution
Percent of People with Each Score
Percentile by Number Answered
Your Score History
You have not taken this quiz